banner-ar

كتاب العين / (Record no. 66128)

MARC details
000 -الفاتح
حقل البيانات ثابتة الطول 00958nam a2200229Ia 4500
005 - وقت وتاريخ اخر تعامل مع التسجيلة
رقم الضبط 20240530110901.0
008 - عناصر البيانات ثابتة الطول - معلومات عامة
حقل البيانات ثابتة الطول 140319s9999 xx 000 0 ara d
040 ## - مصدر الفهرسة
وكالة الفهرسة الأصلية GCL /
وكالة النسخ GCL
082 04 - رقم تصنيف ديوى العشرى
رقم التصنيف 413.1/
رقم المادة خ ك
100 1# - المدخل الرئيسى - إسم شخصى
الإسم الشخصى الخليل بن احمد، ابو عبدالرحمن الخليل بن احمد بن عمرو بن تميم الفراهيدى
245 10 - بيان العنوان
العنوان كتاب العين /
بيان المسئوليه,etc ابى عبدالرحمن الخليل بن احمد الفراهيدى ؛ تحقيق مهدى المخزومى، ابراهيم السامرائى
260 ## - PUBLICATION, DISTRIBUTION, ETC. (IMPRINT)
تاريخ النشر أو التوزيع 1985
300 ## - الوصف المادى
التعداد 8 اجزاء
650 04 - المدخل الاضافى بالموضوع-مصطلح موضوعى
مصطلح موضوعي النحو
650 04 - المدخل الاضافى بالموضوع-مصطلح موضوعى
مصطلح موضوعي الاصوات اللغوية
650 04 - المدخل الاضافى بالموضوع-مصطلح موضوعى
مصطلح موضوعي اللغة العربية
650 04 - المدخل الاضافى بالموضوع-مصطلح موضوعى
مصطلح موضوعي الخليل بن احمد الفراهيدى
700 0# - المدخل الاضافى - اسم شخصى
الإسم الشخصى مهدى المخزومى
الدور محقق
700 0# - المدخل الاضافى - اسم شخصى
الإسم الشخصى ابراهيم السامرائى
الدور محقق
942 ## - عناصر المدخل الإضافي( كوها)
مصدر التصنيف او مخطط الترفيف Dewey Decimal Classification
Koha [default] item type كتاب
260 ## - PUBLICATION, DISTRIBUTION, ETC. (IMPRINT)
-- [S.N] :
-- دار الحرية للطباعة ،
Holdings
حالة التراجع حالة الفقد مصدر التصنيف او خطة الترفيف حالة تلف ليس للاعارة المكان المؤقت الموقع الحالى موقع الترفيف تاريخ الاكتساب اجمالي اﻻعارات رقم الطلب الباركود تاريخ اخر مشاهدة تاريخ تفعيل السعر نوع وعاء كوها
    ddc     مكتبة القاهرة الكبرى مكتبة القاهرة الكبرى   02/09/2022   413.1/ خ ك 167358 02/09/2022 02/09/2022 كتاب
    ddc     مكتبة القاهرة الكبرى مكتبة القاهرة الكبرى   02/09/2022   413.1/ خ ك 167359 02/09/2022 02/09/2022 كتاب
    ddc     مكتبة القاهرة الكبرى مكتبة القاهرة الكبرى   02/09/2022   413.1/ خ ك 167360 02/09/2022 02/09/2022 كتاب
    ddc     مكتبة القاهرة الكبرى مكتبة القاهرة الكبرى   02/09/2022   413.1/ خ ك 167361 02/09/2022 02/09/2022 كتاب
    ddc     مكتبة القاهرة الكبرى مكتبة القاهرة الكبرى   02/09/2022   413.1/ خ ك 167362 02/09/2022 02/09/2022 كتاب
    ddc     مكتبة القاهرة الكبرى مكتبة القاهرة الكبرى   02/09/2022   413.1/ خ ك 167363 02/09/2022 02/09/2022 كتاب
    ddc     مكتبة القاهرة الكبرى مكتبة القاهرة الكبرى   02/09/2022   413.1/ خ ك 167364 02/09/2022 02/09/2022 كتاب
    ddc     مكتبة القاهرة الكبرى مكتبة القاهرة الكبرى   02/09/2022   413.1/ خ ك 167365 02/09/2022 02/09/2022 كتاب

Powered By

EGPV